000 00508nam a2200169 i 4500
001 140843
003 ES-MaACL
005 20240516063056.0
007 t|
008 070917s1932 au ||||1| ger d
100 0 _aWells, H. G.,
_d1866-1946
_9116458
245 1 4 _aDie geschichte un serer welt /
_cvon H. G. Wells.
260 _a[Innsbruck :
_bWagueresche Universitats druckerei],
_c1932.
300 _a396 p. ;
_c22 cm.
852 _aES-MaACL
_jA-5229
_bR.17027
999 _c140843
_d140843